TV Shows By School - Statistics

General Stats
  • This quiz has been taken 89 times
  • The average score is 6 of 15
Answer Stats
School Students TV Show % Correct
Springfield Elementary School Bart, Lisa, Nelson, Milhouse, Ralph The Simpsons
95%
_____ ____ Elementary Stan, Kyle, Cartman, Kenny South Park
85%
James Woods Regional High Meg and Chris Griffin Family Guy
77%
John Adams High Cory, Shawn, Topanga Boy Meets World
67%
Polk High Kelly and Bud Bundy Married With Children
53%
Westdale High Greg, Marcia, Peter, Jan The Brady Bunch
53%
Sunnydale High B Summers Buffy The Vampire Slayer
49%
Robert F Kennedy Junior High Kevin, Winnie The Wonder Years
39%
Orson High Axl, Sue, and Brick Heck The Middle
31%
High School for the Performing Arts Leroy Johnson, Danny Amatullo Fame
29%
James Buchanan High Vinnie, Freddie, Arnold, Juan Welcome Back Kotter
29%
Tom Landry Middle School Bobby, Connie, Joseph King Of The Hill
16%
William Penn Charter School Erica, Barry, Adam The Goldbergs
12%
Millard Fillmore High Arvid, Dennis,Jawaharal Head of the Class
11%
Priddy High Tiffany and Ryan Malloy Unhappily Ever After
1%
No matching quizzes found
Score Distribution
Percent of People with Each Score
Percentile by Number Answered
Your Score History
You have not taken this quiz